00718nam a2200241 a 4500001001300000003000900013005001700022008004100039020002300080082001600103100002400119245002900143260005400172300000900226500003500235505001000270650002300280700002400303902000800327942000700335952011700342999001700459nice12345678IN_TiNIC20260116013313.0050524s1998 newa grp 000 0 eng  a8174356 c25000a181.07bZAF aZafarul Hasan, Syed aPhilosophy a Crictique ` aNew Delhi bAdam Publisher and Distributer c1998 a272p aincludes index and biblioraphy2 aNotes aPhilosophy-Islamic1 aZafarul Hasan, Syed bSRS cBK 001040708StackRoom-aHMIbHMId2007-07-31g250.00l0o181.07 ZAFp019461r2007-07-31v250.00w2005-05-24yBK c10485d10485